Sociología del olor

Los sociólogos han investigado en muy pocas ocasiones los sentidos. El olfato ha sido, y probablemente todavía lo es, el menos valorado. Nos concentraremos en algunos de los papeles que desempeña el olor en la interacción social, en la importancia del olor en la construcción moral del yo y del otro,...

Full description

Bibliographic Details
Main Author: Synnott, Anthony
Format: Analitica de revista
Language:Spanish
Published: México: UNAM, 2003.
Subjects:

MARC

LEADER 00000cam a2200000 a 4500
001 042415
003 UAHC_CL
005 20200511160954.0
008 030903s2003 mx 000 1 spa
952 |0 0  |1 0  |4 0  |6 REV___MEXICANA_SOCIOLOGIA02_03_000000000000000  |7 0  |8 COMP  |9 93830  |a BC  |b BC  |c Hemeroteca  |d 2020-05-11  |l 0  |o REV. MEXICANA SOCIOLOGIA-02/03  |r 2020-05-11 00:00:00  |w 2020-05-11  |y REVA 
999 |c 42415  |d 42415 
040 |a UAHC_CL  |c UAHC_CL  |d UAHC_CL 
100 |a Synnott, Anthony  |9 11937 
245 1 0 |a Sociología del olor  |c Anthony Synnott. 
260 |a México:  |b UNAM,  |c 2003. 
300 |a pp. 431-464 
500 |a En: Revista mexicana de sociología, no. 02, 2003. pp. 431-464. ISSN 01882503.  
520 |a Los sociólogos han investigado en muy pocas ocasiones los sentidos. El olfato ha sido, y probablemente todavía lo es, el menos valorado. Nos concentraremos en algunos de los papeles que desempeña el olor en la interacción social, en la importancia del olor en la construcción moral del yo y del otro, en términos de relaciones de clase, etnicidad y de genero. Estas ecuaciones simbólicas mas que químicas se utilizan en relaciones intergrupales para legitimar diferenciales de poder y también para que esas diferencias sean desafiadas de manera muy intima y personal. 
650 0 |a Sociología  |9 53 
650 0 |a Etnicidad  |9 880 
900 |a REV. MEXICANA SOCIOLOGIA-02/03 
942 |c REVA